flagi świata - Statystyki

Ogólne statystyki
  • Ten quiz został rozwiązany 30 razy
  • Średni wynik to 19 z 20
Statystyki odpowiedzi
Obrazkowy Odpowiedź % Poprawnych
argentyna
100%
chiny
100%
kanada
100%
szwajcaria
100%
ukraina
100%
wielka brytania
100%
brazylia
96%
egipt
96%
holandia
96%
portugalia
96%
grecja
92%
indie
92%
japonia
92%
niemcy
92%
rosja
92%
szwecja
92%
włochy
92%
meksyk
88%
norwegia
88%
pakistan
79%
Nie znaleziono quizów pasujących do podanych kryteriów
Rozkład punktacji
Procent ludzi z każdym wynikiem
Percentyl według liczby udzielonych odpowiedzi
Twoja historia wyników
Nie rozwiązałeś tego quizu